Регионална библиотека "Любен Каравелов" - Русе

Приключенията на Оги Марч (Запис номер 382687)

MARC детайли
000 -Лидер
Контролно поле с фиксирана дължина 01301nam a2200313 a 4500
003 - Код на организацията, давaща контролен номер
Контролно поле BLK
005 - Дата и час на последна редакция
Контролно поле 20230615120325.0
008 - Елементи от данни с фиксирана дължина
fixed length control field 202008b bul|||||r ||||||| ||bul||
020 ## - Международен стандартен номер на книга ISBN
Международен стандартен номер на книга ISBN 9786197350371
040 ## - Източник на каталожния запис
Идентификатор на билиотеката - собственик на записа BLK
041 ## - Код за език
Код за езика на текст/звукозапис или на отделно заглавие Български
Код за езика КДБФ Български
080 ## - УДК
Текстов определител УДК Американска литература (на САЩ)
УДК код - определител по УДК 821.111(73)
УДК определител -31
УДК - код + определител 821.111(73)-31
100 1# - Редна дума - Автор
Автор Белоу, Сол
Авторска отговорност първи автор
R(LIN) 37936
139 ## - Редно поле
Редна дума Белоу, Сол
Авторски знак Белк - Б 35
245 10 - Сведения за заглавието
Заглавие Приключенията на Оги Марч
Подзаглавни данни Роман
Редно поле (дума) Сол Белоу; прев. от англ. Пейчо Георгиев Кънев.
246 ## - Различни форми на заглавието
Паралелно заглавие The adventures of Augie March
257 ## - Страна на издаване
Страна на създаване/издаване Съединени американски щати
260 ## - Област на издателските данни
Име на издателя, разпространителя и проч. Лист
Година на издаване 2018
9 (RLIN) 216827
Място на издаване, разпространение и проч. София
Издателство - префикс ISBN 978-619-7350-
Печатница Благоевград : Смилков
300 ## - Физическа характеристика
Страници 624 с.
Размери/Мащаб 24 см
380 ## - Жанр
Жанр Худож. лит.
500 ## - Общи забележки
Забележка Ориг. загл.: The adventures of Augie March / Saul Bellow. - Биогр. данни за авт. отбелязани на гърба на кор.
700 ## - Други автори (авторска отговорност)
9 (RLIN) 341374
Лично име Кънев, Пейчо Георгиев
Автороска отговорност (Описва отношението между автора и произведението) прев. от англ.
852 ## - Местоположение
Форматна сигнатура Цб 305883
Фондова буква Хранилище
999 ## - СИСТЕМНИ КОНТРОЛНИ НОМЕРА
Koha biblionumber 382687
Koha biblioitemnumber 382687
942 ## - АРТИКУЛИ
Вид на библиотечния материал Книги
Скрит в OPAC Не
Периодичен библиозапис Да
Koha issues (borrowed), all copies 8
944 ## - СЪЗДАВАНЕ И РЕДАКЦИЯ на ЗАПИСА
Създаване/Редакция Създаване
Дата на регистрацията/редакция 2020-08-17
Статус, дата на статуса 2020-08-17
Служител, извършил регистрацията/редакцията К.Д.
944 ## - СЪЗДАВАНЕ И РЕДАКЦИЯ на ЗАПИСА
Създаване/Редакция Редакция
Дата на регистрацията/редакция 2021-02-24
Статус, дата на статуса 2021-02-24
Служител, извършил регистрацията/редакцията СТ
999 ## - СИСТЕМНИ КОНТРОЛНИ НОМЕРА
Koha biblioitemnumber 382687
999 ## - СИСТЕМНИ КОНТРОЛНИ НОМЕРА
Koha biblioitemnumber 382687
Наличности
Код за отписване Код за изгубен артикул Източник на класификационната схема Код за повреда Коз за рестрикции Код за отдаване Артикулен № Име на библиотеката - собственик Име на библиотеката, в която се намира в момента Статус (Текущо местоположение) Дата на вписване в системата Местоположение - отдел Цена в лева Систематично азбучна сигнатура Баркод Цена в евро Служебен тип на артикула
  Не е изгубен Universal Decimal Classification Не е повреден без рестрикции заемане за дома 800017 Регионална библиотека "Любен Каравелов" Русе Регионална библиотека "Любен Каравелов" Русе Заемна - подръчен фонд 2020-09-18 Заемна - подръчен фонд 15.60 821-31/Б 35 С 120000847202 7.98 Книги
  Не е изгубен Universal Decimal Classification Не е повреден само за читалня ползва се в читалня 813591 Регионална библиотека "Любен Каравелов" Русе Регионална библиотека "Любен Каравелов" Русе Хранилище 2021-02-26 Хранилище 26.00 Цб 305883 120000850979 13.29 Книги
Vip Innovations Ltd, Rousse, Bulgaria 2025